Už viem prečo. 2.díl. Z českého orig. : Ilustroval: Kubašta Vojtěch /

Gespeichert in:
Bibliographische Detailangaben
Hauptverfasser: Škodová, Helena (Verfasst von), Škoda, Eduard (Verfasst von)
Format: Buch
Sprache:Slowakisch
Veröffentlicht: Bratislava : Bradlo, 1992
Tags: Tag hinzufügen
Keine Tags, Fügen Sie das erste Tag hinzu!

MARC

LEADER 00000nam a22000003a 4500
001 stu18943
005 20150617225756.3
008 920611s1992----cs------------------slo-d
020 |a 80-7127-017-2 
040 |a STU  |b slo 
041 0 |a slo 
044 |a cs 
080 |a 03  |7 stu_us_auth*stu8317 
100 1 |a Škodová, Helena  |4 aut 
245 1 |a Už viem prečo. 2.díl. Z českého orig. :  |b Ilustroval: Kubašta Vojtěch /  |c [aut.]Škodová,Helena, Škoda,Eduard 
260 |a Bratislava :  |b Bradlo,  |c 1992 
300 |a 141 s :  |b Obrázky 
700 1 |a Škoda, Eduard  |4 aut 
996 |b C89827  |c C*89827  |l CCXII  |s P  |a 0  |w stu18943_0001